banner koha

Equacao e programa de microcomputador para calculo do fotoperiodo diario [cerrado] (Registro n. 278895)

MARC details
000 -LÍDER
campo de controle de tamanho fixo 01081nac a22003377a 4500
001 - NÚMERO DE CONTROLE
campo de controle BR8502774
003 - IDENTIFICADOR DO NÚMERO DE CONTROLE
campo de controle BR-BrBNA
005 - DATA E HORÁRIO DA ÚLTIMA TRANSAÇÃO
campo de controle 20240105120327.0
008 - CAMPO DE DADOS FIXOS--INFORMAÇÃO GERAL
campo de controle de tamanho fixo 230509b bl.|||m| |||| 00| 0 por d
040 ## - FONTE DA CATALOGAÇÃO
Instituição da catalogação original BR-BrBNA
Idioma da catalogação por
Instituição que transcreveu o registro Biblioteca Nacional de Agricultura
072 ## - CÓDIGO DE CATEGORIA DE ASSUNTO
Código de Categoria de Assunto U10; F61
090 ## - NÚMERO DE CHAMADA LOCAL
Número de chamada U10 BR8502774
100 1# - ENTRADA PRINCIPAL--NOME PESSOAL
Nome pessoal Carvalho, L.J.C.B.
100 1# - ENTRADA PRINCIPAL--NOME PESSOAL
Nome pessoal Urben Filho, G.
100 1# - ENTRADA PRINCIPAL--NOME PESSOAL
Nome pessoal Luchiari Junior, A.
100 1# - ENTRADA PRINCIPAL--NOME PESSOAL
Nome pessoal Gomide, R.L.
100 1# - ENTRADA PRINCIPAL--NOME PESSOAL
Nome pessoal Sousa, M.C. de
110 1# - ENTRADA PRINCIPAL--NOME CORPORATIVO
Nome corporativo ou nome da jurisdição Centro de Pesquisa Agropecuaria dos Cerrados, Planaltina, DF (Brasil)
245 1# - TÍTULO
Título Equacao e programa de microcomputador para calculo do fotoperiodo diario [cerrado]
260 3# - PUBLICAÇÃO, DISTRIBUIÇÃO, ETC.
Local de publicação, distribuição, etc. Planaltina, DF (Brasil):
Data da publicação, distribuição, etc. 1985.
300 ## - DESCRIÇÃO FÍSICA
Extensão 17 p.
490 ## - TÍTULO DA SÉRIE
Título da série Documentos - Centro de Pesquisa Agropecuaria dos Cerrados (Brazil)
Número do volume ou designação sequencial da série no. 14
ISSN - International Standard Serial Number ISSN 0102-0021
500 ## - NOTA GERAL
Nota geral 8 tables
650 ## - ASSUNTO--TERMO TÓPICO
Cabeçalho tópico ou nome geográfico FOTOPERIODISMO
650 ## - ASSUNTO--TERMO TÓPICO
Cabeçalho tópico ou nome geográfico RADIACAO SOLAR
650 ## - ASSUNTO--TERMO TÓPICO
Cabeçalho tópico ou nome geográfico COMPUTADOR
650 ## - ASSUNTO--TERMO TÓPICO
Cabeçalho tópico ou nome geográfico MODELO MATEMATICO
650 ## - ASSUNTO--TERMO TÓPICO
Cabeçalho tópico ou nome geográfico CERRADO
909 ## -
-- 202312
-- Lúcia Elande
-- 55
-- Lúcia Elande
942 ## - ELEMENTOS DE ENTRADA ADICIONADOS (KOHA)
Fonte da classificação ou esquema de arquivamento na estante Classificação AGRIS
Ocultar no OPAC Não
Tipo de material Koha Monografia Seriada
Exemplares
Situação do descarte Fonte da classificação ou esquema de arquivamento na estante Situação física Não pode ser emprestado Coleção Biblioteca de origem Biblioteca atual Localização na estante Total de empréstimos Número de telefone completo Código de barras Data de último acesso Tipo de material Koha Fonte de aquisição
  Classificação AGRIS       Biblioteca Nacional de Agricultura - Binagri Biblioteca Nacional de Agricultura - Binagri Agrobase - Acervo Geral   U10 BR8502774 U10 BR8502774 18/12/2023 Monografia Seriada Portaria Interministerial nº 164/94

BINAGRI

Telefone: (61)3218-2567/2388/3357/2097 - binagri@agro.gov.br

Ministério da Agricultura e Pecuária , Esplanada dos Ministérios, Bloco D, Anexo B, Brasília/DF, CEP: 70.043-900